Field methods in remote sensing

I tiakina i:
Ngā taipitopito rārangi puna kōrero
Kaituhi matua: McCoy, Roger M. (autor)
Hōputu: Pukapuka
Reo:Ingarihi
I whakaputaina: Nueva York Guilford 2005
Putanga:1a. ed
Ngā marau:
Ngā Tūtohu: Tāpirihia he Tūtohu
Kāore He Tūtohu, Me noho koe te mea tuatahi ki te tūtohu i tēnei pūkete!

MARC

LEADER 00000nam a2200000 a 4500
001 UCK6287
003 CL-VaPUC
008 050916e20050000US |||||||||||||||||eng|d
020 |a 1593850794 
082 0 4 |a 526  |b MCC  |2 21 
100 |a McCoy, Roger M.  |e autor  |9 495403 
245 1 0 |a Field methods in remote sensing 
250 |a 1a. ed 
300 |a 159 p 
942 |c BK 
945 |d 20050916 00:00:00  |a cmena 
260 |a Nueva York  |b Guilford  |c 2005 
650 0 |a Mapas  |9 260844 
650 7 |a SENSORES REMOTOS  |2 CL-VaPUC  |9 463693 
650 0 |a Espectroscopía  |9 306791 
650 7 |a SATELITES  |2 CL-VaPUC  |9 352279 
583 |a last modification  |c 20050916 00:00:00  |k Rodrigo Vera 
999 |c 314586  |d 314584 
952 |0 0  |1 0  |4 0  |6 526_000000000000000_MCC_2005  |7 0  |8 A  |9 387009  |a BIBAGR  |b BIBAGR  |d 2019-11-22  |i 4166043  |o 526 MCC 2005  |p 4166043  |r 2025-01-20  |w 2019-11-22  |y BK  |k AGR